000 00833cam a22002054a 4500
005 20250605164021.0
008 250528s ||||||||||||||||||||||||d
035 _a16356
020 _a807601594
040 _aGR-AtMCL
_bgre
_dGR-AtMCL
_eAACR2
245 1 _aModern Architecture / The Architecture of Democracy: Revised Edition
260 _bScully Vincent,
_c1974
300 _a160
505 0 _aPreface, Fragmentation and Continuity, Order and Act, Twelve Years After: The Age of Irony, Plates, Bibliographical Note, Notes, Index, Sources of Illustrations.
520 _aPreface, Fragmentation and Continuity, Order and Act, Twelve Years After: The Age of Irony, Plates, Bibliographical Note, Notes, Index, Sources of Illustrations.
700 1 _aGeorge Braziller
_92449
942 _cBK
999 _c1866
_d1866